United Nations Peacekeeping : Issues for Congress.

Examines Congressional concerns regarding U.S. support of UN peacekeeping operations, including humanitarian distress response and elections monitoring. Reviews proposals for strengthening UN peacekeeping efforts and surveys Congressional perspectives, 1991-2000.

Bibliographic Details
Corporate Authors: Library of Congress. Congressional Research Service, ProQuest (Firm)
Format: eBook
Language:English
Published: [Place of publication not identified] : [publisher not identified], 2001.
Series:U.S. Congressional Research.
Subjects:
Online Access:Connect to the full text of this electronic book

MARC

Tag First Indicator Second Indicator Subfields
LEADER 00000cam a22000001a 4500
001 in00003357513
006 m d f
007 cr bn mmmapmmp
008 100720s2001 dcu o f000 0 eng d
005 20260430163346.2
035 |a cis2007896707 
040 |a ProQuest  |c ProQuest  |d UtOrBLW 
043 |a n-us--- 
099 |a CRS-2001-FDT-0361 
110 2 |a Library of Congress.  |b Congressional Research Service. 
245 1 0 |a United Nations Peacekeeping :  |b Issues for Congress. 
264 1 |a [Place of publication not identified] :  |b [publisher not identified],  |c 2001. 
300 |a 1 online resource. 
336 |a text  |b txt  |2 rdacontent 
337 |a computer  |b c  |2 rdamedia 
338 |a online resource  |b cr  |2 rdacarrier 
500 |a Record is based on bibliographic data in ProQuest U.S. Congressional Research Digital Collection (last viewed July 2010). Reuse except for individual research requires license from ProQuest, LLC. 
500 |a CRS Report. 
520 |a Examines Congressional concerns regarding U.S. support of UN peacekeeping operations, including humanitarian distress response and elections monitoring. Reviews proposals for strengthening UN peacekeeping efforts and surveys Congressional perspectives, 1991-2000. 
500 |a Electronic resource. 
650 0 |a Elections. 
650 0 |a Economic assistance. 
650 0 |a Armed Forces. 
655 7 |a Electronic books.  |2 local 
710 2 |a ProQuest (Firm) 
776 0 8 |i Microfiche version:   |a Library of Congress. Congressional Research Service.  |t United Nations Peacekeeping 
830 0 |a U.S. Congressional Research. 
856 4 0 |u http://proxy.library.tamu.edu/login?url=https://congressional.proquest.com/congcomp/getdoc?CRDC-ID=CRS-2001-FDT-0361  |z Connect to the full text of this electronic book  |t 0 
999 |a MARS 
999 f f |s b5c67799-f497-393f-b1cd-bf1940b0e0ec  |i 73148cfb-88d3-3b39-a3fa-482745ea40db  |t 0 
952 f f |a Texas A&M University  |b College Station  |c Electronic Resources  |s www_evans  |d Available Online  |t 0  |e CRS-2001-FDT-0361  |h Other scheme 
998 f f |a CRS-2001-FDT-0361  |t 0  |l Available Online